000 00538nam a22001577a 4500
005 20260131174636.0
008 260131b |||||||| |||| 00| 0 eng d
020 _a9780345423795
_qpbk
082 _a920.72
_bAND
100 _aTobias, Andrew
245 _aThe Best Little Boy in the World Grows Up
260 _aBallantine Books
_b‎ 7 December 1999
_cAmerica
300 _a270 p.
650 _aTobias, Andrew — Biography; Authors, American — Biography ;Financial journalists — United States — Biography; V
942 _cENGLISH
999 _c609638
_d609638